Taming wild extensions : (Record no. 16173)

MARC details
000 -LEADER
fixed length control field 01069nam a2200301 i 4500
003 - CONTROL NUMBER IDENTIFIER
control field EG-ScBUE
005 - DATE AND TIME OF LATEST TRANSACTION
control field 20240922112411.0
008 - FIXED-LENGTH DATA ELEMENTS--GENERAL INFORMATION
fixed length control field 111027s2000 riu f b 001 0 eng d
020 ## - INTERNATIONAL STANDARD BOOK NUMBER
International Standard Book Number 0821821318
020 ## - INTERNATIONAL STANDARD BOOK NUMBER
International Standard Book Number 9780821821312
040 ## - CATALOGING SOURCE
Original cataloging agency EG-ScBUE
Language of cataloging eng
Description conventions rda
Transcribing agency EG-ScBUE
Modifying agency EG-ScBUE
082 04 - DEWEY DECIMAL CLASSIFICATION NUMBER
Edition number 22
Classification number 512.55
Item number CHI
100 1# - MAIN ENTRY--PERSONAL NAME
9 (RLIN) 27641
Personal name Childs, Lindsay N.,
Relator term author.
245 10 - TITLE STATEMENT
Title Taming wild extensions :
Remainder of title hopf algebras and local galois module theory /
Statement of responsibility, etc Lindsay N. Childs.
264 #1 - PUBLICATION, DISTRIBUTION, ETC. (IMPRINT)
Place of publication, distribution, etc Providence, R.I. :
Name of publisher, distributor, etc American Mathematical Society,
Date of publication, distribution, etc 2000.
300 ## - PHYSICAL DESCRIPTION
Extent viii, 215 pages ;
Dimensions 27 cm.
336 ## - CONTENT TYPE
Source rdacontent
Content type term text
Content type code txt
337 ## - MEDIA TYPE
Media type term unmediated
Source rdamedia
Media type code n
338 ## - CARRIER TYPE
Carrier type term volume
Carrier type code nc
Source rdacarrier
490 0# - SERIES STATEMENT
Series statement Mathematical surveys and monographs ;
Volume number/sequential designation volume 80
504 ## - BIBLIOGRAPHY, ETC. NOTE
Bibliography, etc Includes bibliographical references and index.
650 #7 - SUBJECT ADDED ENTRY--TOPICAL TERM
9 (RLIN) 27642
Topical term or geographic name as entry element Hopf algebras.
Source of heading or term BUEsh
650 #7 - SUBJECT ADDED ENTRY--TOPICAL TERM
9 (RLIN) 27643
Topical term or geographic name as entry element Galois modules (Algebra)
Source of heading or term BUEsh
650 #7 - SUBJECT ADDED ENTRY--TOPICAL TERM
9 (RLIN) 27644
Topical term or geographic name as entry element Field extensions (Mathematics)
Source of heading or term BUEsh
653 ## - INDEX TERM--UNCONTROLLED
Arrived date list October2011
655 ## - INDEX TERM--GENRE/FORM
Form subdivision Reading book
942 ## - ADDED ENTRY ELEMENTS (KOHA)
Source of classification or shelving scheme Dewey Decimal Classification
Koha item type Book - Borrowing
Holdings
Withdrawn status Lost status Source of classification or shelving scheme Damaged status Not for loan Collection code Home library Current library Shelving location Date acquired Source of acquisition Cost, normal purchase price Total Checkouts Full call number Barcode Date last seen Price effective from Koha item type
    Dewey Decimal Classification     سور الازبكية Central Library Central Library First floor 27/10/2011 Purchase 160.00   512.55 CHI 000025512 15/07/2025 27/10/2011 Book - Borrowing